000 00471nam a2200181Ia 4500
001 1574
005 20260306143738.0
008 260306t2016||||xx |||||||||||||| ||spa||
041 _aESP
082 _a152.145
_bH37
100 _aHeller, Eva
_eAUT
245 0 _aPsicología del color:
_bcomo actúan los colores sobre los sentimientos y la razón
260 _c2016
300 _a309 páginas :
_c24 cm.
650 _aGEN
654 _aCPS
942 _cLIB
_dJUS
_fJUS
_2ddc
_n
999 _c1574
_d1574